Beyond Supply chain management in food industry

Shranjeno v:
Bibliografske podrobnosti
Glavni avtor: Van Puymbroeck, Willy
Drugi avtorji: Santoro, R, Afsarmanesh, H
Format: Knjiga
Jezik:English
Izdano: 1998
Oznake: Označite
Brez oznak, prvi označite!

MARC

LEADER 00000nam a2200000Ia 4500
003 MV0260
005 20240730111821.0
008 140114s1998 a 000 ||eng d
040 |c cru CEDI  
100 |a Van Puymbroeck, Willy  |9 3458 
245 |a Beyond Supply chain management in food industry  
260 |c 1998 
700 |a Santoro, R   |9 3457 
700 |a Afsarmanesh, H  |9 3459 
942 |c MV  |h MV 260  |i MV0260  |6 MV_260_000000000000000_MV0260 
999 |c 11686  |d 11686